000 00606cam a22002053a 4500
001 41750
003 PGUSA
005 20140828083937.0
008 130101s2013||||xxu|||||s|||||000 | eng d
040 _aPGUSA
_beng
042 _adc
100 1 _aPinero, Arthur Wing,
_cSir,
_d1855-1934
245 1 4 _aThe Magistrate :
_bA Farce in Three Acts
_h[electronic resource] /
_cArthur Wing, Pinero
260 _bProject Gutenberg,
_c2013
506 _aPublic domain in the USA.
516 _aElectronic text
830 0 _aProject Gutenberg
_v41750
856 4 0 _uhttp://www.gutenberg.org/ebooks/41750
942 _cEB
999 _c271002
_d271002